• 首页
  • 本馆介绍
  • 公告通知
  • 最新文献
  • 馆藏检索
  • 电子资源
  • 读者导购
  • 参考咨询
  • 我的图书馆
  • 登录
  • 详细信息显示
  • 放入我的书架
  • 预约/预借图书
  • 作者相关作品
  • 分类相关作品
  • 丛书相关作品
  • 出版社相关作品

书目信息

  • 表格格式
  • 工作单格式
  • 卡片格式
题名:
徽音传天下
    
 
作者: 田雅丽 , 张中灿 编著
分册:  
出版信息: 合肥   安徽文艺出版社  2021.05
页数: 142页
开本: 30cm
丛书名:
单 册:
中图分类: J642.225.4
科图分类:
主题词: 民歌--min ge--歌曲--作品集--安徽
电子资源:
ISBN: 978-7-5396-7125-3
000 01024nam0 2200265 450
001 CAL 0120217188410
005 20230217093113.0
010    @a978-7-5396-7125-3@dCNY45.00
100    @a20210615d2021 em y0chiy0120 ea
101 0  @achi
102    @aCN@b340000
105    @ag a 000gy
106    @ar
200 1  @a徽音传天下@Ahui yin chuan tian xia@e安徽民歌研究与歌曲编配艺术@f田雅丽, 张中灿编著
210    @a合肥@c安徽文艺出版社@d2021.05
215    @a142页@c乐谱@d30cm
320    @a有书目 (第142页)
330    @a本书分为巢湖民歌、大别山民歌、五河民歌、当涂民歌、凤阳民歌和徽州民歌六个部分。书稿每部分精选当地具有代表性的民歌、小调等, 根据传承人演唱的民歌进行记谱整理, 并加以创编, 荟萃成集。
517 1  @a安徽民歌研究与歌曲编配艺术@Aan hui min ge yan jiu yu ge qu bian pei yi shu
606 0  @a民歌@Amin ge@x歌曲@x作品集@y安徽
690    @aJ642.225.4@v5
701  0 @a田雅丽@Atian ya li@4编著
701  0 @a张中灿@Azhang zhong can@4编著
801  0 @aCN@bBJXHZP@c20230228
905    @b1408215-8@dJ642.225.4@e309@f4
    
    徽音传天下:安徽民歌研究与歌曲编配艺术/田雅丽, 张中灿编著.-合肥:安徽文艺出版社,2021.05
    142页:乐谱;30cm
    
    
    ISBN 978-7-5396-7125-3:CNY45.00
    本书分为巢湖民歌、大别山民歌、五河民歌、当涂民歌、凤阳民歌和徽州民歌六个部分。书稿每部分精选当地具有代表性的民歌、小调等, 根据传承人演唱的民歌进行记谱整理, 并加以创编, 荟萃成集。
●
相关链接 在E读中查询图书 在五车中查询图书 在当当中查询图书 在豆瓣中查询图书


正题名:徽音传天下     索取号:J642.225.4/309         预约/预借

序号 登录号 条形码 馆藏地/架位号 状态 备注
1 1408215   214082151   第一样本阅览室/ [索取号:J642.225.4/309] 在馆    
2 1408216   214082160   第一借阅区/ [索取号:J642.225.4/309] 在馆    
3 1408217   214082179   第一借阅区/ [索取号:J642.225.4/309] 在馆    
4 1408218   214082188   第一借阅区/ [索取号:J642.225.4/309] 在馆    
唐山师范学院图书馆 欢迎您!
大连网信软件有限公司© 版权所有